| 000 | 00694cam a22002413a 4500 | ||
|---|---|---|---|
| 001 | 341 | ||
| 003 | PGUSA | ||
| 005 | 20140828082947.0 | ||
| 008 | 951001s1995||||xxu|||||s|||||000 | eng d | ||
| 040 |
_aPGUSA _beng |
||
| 042 | _adc | ||
| 050 | 4 | _aE011 | |
| 100 | 1 |
_aMcLaughlin, Marie L., _d1842- |
|
| 245 | 1 | 0 |
_aMyths and Legends of the Sioux _h[electronic resource] / _cMarie L. McLaughlin |
| 260 |
_bProject Gutenberg, _c1995 |
||
| 506 | _aPublic domain in the USA. | ||
| 516 | _aElectronic text | ||
| 653 | _aDakota Indians -- Folklore | ||
| 653 | _aMdewakanton Indians -- Folklore | ||
| 830 | 0 |
_aProject Gutenberg _v341 |
|
| 856 | 4 | 0 | _uhttp://www.gutenberg.org/ebooks/341 |
| 942 | _cEB | ||
| 999 |
_c229692 _d229692 |
||